AKLIN ŞÜPHESİ SUÇUN GERÇEĞİDİR (Record no. 977783)

MARC details
000 -LEADER
sabit uzunluktaki kontrol alanı 00271nam a2200097Ia 4500
001 - KONTROL NUMARASI
kontrol alanı 977783
005 - EN SON İŞLEMİN TARİH VE ZAMANI
kontrol alanı 20250826220735.0
008 - SABİT-UZUNLUKTA VERİ ÖĞELERİ--GENEL BİLGİ
sabit uzunluktaki kontrol alanı 250824s9999 xx 000 0 und d
245 #0 - ESER / YAZAR
ESER ADI AKLIN ŞÜPHESİ SUÇUN GERÇEĞİDİR
Yazar Adı SİR ARTHUR CONAN DOYLE
260 ## - YAYIN, DAĞITIM, VB.
YAYIN EVİ MARTI YAYINCILIK

No items available.